Logo BPK

Biblioteka

Politechniki Koszalińskiej

C++ : (Rekord nr 44499)

Szczegóły MARC
000 -ETYKIETA REKORDU
podpole kontrolne o stałej długości 01058nam a2200313 i 4500
001 - NUMER KONTROLNY REKORDU
pole kontrolne bg
020 ## - MIĘDZYNARODOWY ZNORMALIZOWANY NUMER KSIĄŻKI - ISBN
ISBN 8373613854
040 ## - ŹRÓDŁO KATALOGOWANIA
Instytucja, która utworzyła rekord BPK
041 1# - KOD JĘZYKA
Kod języka tekstu pol
Kod języka oryginału eng
080 ## - UNIWERSALNA KLASYFIKACJA DZIESIĘTNA - UKD
UKD 004.438A/Z:004.421](07)
920 ## - Międzynarodowy znormalizowany numer książki – ISBN
ISBN 83-7361-385-4
008 - POLE O STAŁEJ DŁUGOŚCI - DANE KONTROLNE
podpole kontrolne o stałej długości s pl f |000 0 pol
100 1# - NAZWA OSOBOWA
Nazwa osobowa DROZDEK, Adam
245 10 - TYTUŁ/ODPOWIEDZIALNOŚĆ
Tytuł C++ :
Ciąg dalszy tytułu algorytmy i struktury danych /
Pozostałe elementy strefy tytułu i oznaczenia odpowiedzialności Adam Drozdek ; [tł. Piotr Rajca (rozdz. 8-12, dod.A i B), Tomasz Żmijewski (rozdz.0-7)].
246 ## - WARIANT TYTUŁU
Treść wyrażenia wprowadzającego Tyt. oryg.:
Tytuł Data Structures and algorithms in C++
260 ## - STREFA ADRESU WYDAWNICZEGO
Miejsce wydania Gliwice :
Nazwa wydawcy/dystrybutora "Helion",
Data publikacji, dystrybucji/powstania dokumentu 2004.
300 ## - STREFA OPISU FIZYCZNEGO
Objętość 612 s. ;
Rozmiary 25 cm.
490 1# - STREFA SERII I DOKUMENTU WIELOCZĘŚCIOWEGO - FORMA NIE DO WYSZUKIWANIA
Tytuł i oznaczenie odpowiedzialności serii Kanon Informatyki
500 ## - UWAGI OGÓLNE
Tekst uwagi Tyt. oryg.: "Data Structures and algorithms in C++", 2nd ed.
504 ## - UWAGA DOTYCZĄCA BIBLIOGRAFII
Informacje o bibliografii Bibliogr. po rozdz., indeks.
650 #9 - HASŁO PRZEDMIOTOWE W FORMIE NAZWY OGÓLNEJ LUB JEDNOSTKOWEJ
Nazwa ogólna lub geograficzna Algorytmy
Określnik ogólny stosowanie
-- programowanie
650 #9 - HASŁO PRZEDMIOTOWE W FORMIE NAZWY OGÓLNEJ LUB JEDNOSTKOWEJ
Nazwa ogólna lub geograficzna C++
655 ## - TERMIN INDEKSOWY - OKREŚLENIE RODZAJU/FORMY DOKUMENTU
Określenie rodzaju/formy dokumentu Podręczniki
700 1# - HASŁO DODATKOWE - NAZWA OSOBOWA
Nazwa osobowa RAJCA, Piotr.
Określenie związku między hasłem a opisywanym materiałem Tł.
700 1# - HASŁO DODATKOWE - NAZWA OSOBOWA
Nazwa osobowa ŻMIJEWSKI, Tomasz.
Określenie związku między hasłem a opisywanym materiałem Tł.
830 ## - HASŁO DODATKOWE SERII LUB DOKUMENTU WIELOCZĘŚCIOWEGO - TYTUŁ UJEDNOLICONY
Tytuł ujednolicony Kanon Informatyki
856 ## - LOKALIZACJA I DOSTĘP DO ELEKTRONICZNYCH DOKUMENTÓW ZDALNYCH
Link (URL) http://koha.tu.koszalin.pl/cgi-bin/koha/opac-detail.pl?biblionumber=44499
Tekst linku Katalog online BPK
942 ## - DODATKOWE ELEMENTY (KOHA)
Typ dokumentu Książka
Egzemplarze
Wycofany Status egzemplarza Uszkodzony Dostępność Lokalizacja stała Lokalizacja bieżąca Miejsce przechowywania Sygnatura Kod kreskowy Dział Typ dokumentu
      Tylko na miejscu Biblioteka Politechniki Koszalińskiej Biblioteka Politechniki Koszalińskiej Czytelnia BG 71868 02177625 004.43 Języki programowania Książka
      Dostępny Biblioteka Politechniki Koszalińskiej Biblioteka Politechniki Koszalińskiej Wypożyczalnia BG 71869 02177618   Książka
© 2023 Biblioteka Politechniki Koszalińskiej :: KOHA